000
00315nam a2200133Ia 4500
008
230818s2003 xx 000 0 und d
041
_a
eng
100
_a
Blitizer
245
_a
Find the Bathroom First
260
_b
Viva books Mumbai
_c
2003
300
_a
97p
520
_a
General
999
_c
851843
_d
851843
650
_a
Hotel Housekeeping